00543nam a2200181Ia 450000500170000000800410001702000150005808200150007310000190008824500640010725000090017126000380018030000130021865000130023194200060024495200960025099900150034620240507062240.0240331s9999 xx 000 0 und d a0902818155 bHYMa331.8 aHyman, Richard 0aMarxism and the sociology of trade unionismcRichard, Hyman a1 st aLondonbPluto press limitedc1971 a53 p .,  aEconomic cL 001040708LaWERCLbWERCLcSSCd2024-03-31l0o 331.8 HYMp146r2024-03-31w2024-03-31yL c2746d2746